000 00345nam a2200157Ia 4500
001 25635
003 IN-NITTTR
005 20251114233324.0
008 251113s9999||||xx |||||||||||||| ||eng||
040 _beng
040 _cIN-NITTTR
041 _aeng
082 _a423 R152
245 0 _aRandom house unabridged dictionary /
942 _2ddc
_cBK
999 _c28264
_d28264